[Event "Belgrade-chT"]
[Site "Belgrade"]
[Date "2019.09.25"]
[Round "3.6"]
[White "Stanimirovic, Bosko"]
[Black "Kovacevic, Marko D"]
[Result "0-1"]
[WhiteElo "2057"]
[BlackElo "1945"]
[PlyCount "119"]
[EventDate "2019.09.23"]
[EventType "team-tourn"]
[EventRounds "11"]
[EventCountry "SRB"]
[SourceTitle "EXT 2020"]
[Source "ChessBase"]
[SourceDate "2019.10.17"]
[SourceVersion "1"]
[SourceVersionDate "2019.10.17"]
[SourceQuality "1"]
[WhiteTeam "Crvena Zvezda"]
[BlackTeam "Tadic"]
[WhiteTeamCountry "SRB"]
[BlackTeamCountry "SRB"]

1. c4 e5 2. Nc3 Nc6 3. g3 Bc5 4. Bg2 d6 5. Nf3 f5 6. d3 h6 7. 0-0 Nf6 8. e4 0-0 9. Nh4 Ne7 10. Be3 f4 11. Bxc5 dxc5 12. gxf4 exf4 13. Nf3 Bg4 14. Qd2 Ng6 15. Ne1 Nd7 16. f3 Be6 17. Rf2 Qg5 18. a3 h5 19. Nb5 Rfc8 20. b4 h4 21. Kh1 h3 22. Bf1 a6 23. Nc3 a5 24. bxc5 Nxc5 25. Rb1 a4 26. Nd5 Nb3 27. Qb2 Ra6 28. Nc2 c5 29. Na1 Ne5 30. Nxb3 axb3 31. Qxb3 Qh4 32. Rbb2 Kh8 33. Qxb7 Rxa3 34. Qe7 Qxe7 35. Nxe7 Re8 36. Nd5 Nxd3 37. Bxd3 Rxd3 38. Kg1 Bxd5 39. cxd5 c4 40. Rbc2 c3 41. Rf1 Kg8 42. Kf2 Kf7 43. Ra1 Re7 44. Ra6 Rc7 45. Ke2 Re3+ 46. Kf2 Rb7 47. Rc6 Rb1 48. R6xc3 Rh1 49. Rxe3 Rxh2+ 50. Kg1 Rxc2 51. Rd3 Ke7 52. Rd1 Re2 53. Kh1 Rf2 54. Rd3 Re2 55. Rd1 g5 56. d6+ Kd7 57. Rd5 g4 58. fxg4 f3 59. Rf5 f2 60. g5 0-1

[Event "Belgrade-chT Quality"]
[Site "Belgrade"]
[Date "2018.09.20"]
[Round "4.6"]
[White "Knezevic, Milorad G"]
[Black "Kovacevic, Marko D"]
[Result "0-1"]
[WhiteElo "2167"]
[BlackElo "1927"]
[PlyCount "138"]
[EventDate "2018.09.17"]
[EventType "team-tourn"]
[EventRounds "11"]
[EventCountry "SRB"]
[SourceTitle "CBM 186 Extra"]
[Source "ChessBase"]
[SourceDate "2018.08.24"]
[SourceVersion "1"]
[SourceVersionDate "2018.08.24"]
[SourceQuality "1"]
[WhiteTeam "Partizan"]
[BlackTeam "Tadic"]
[WhiteTeamCountry "SRB"]
[BlackTeamCountry "SRB"]

1. e4 c5 2. Nc3 d6 3. g3 Nc6 4. Bg2 g6 5. d3 Bg7 6. f4 e6 7. Nf3 Nge7 8. Be3 Nd4 9. 0-0 Rb8 10. Qd2 0-0 11. Rae1 b5 12. Nd1 b4 13. Nh4 Qa5 14. c3 bxc3 15. bxc3 Nb5 16. a4 Qxa4 17. e5 Nd5 18. c4 Nxe3 19. Nxe3 Nd4 20. exd6 Rb2 21. Qd1 Qxd1 22. Rxd1 Ne2+ 23. Kh1 Nc3 24. Ra1 Rd2 25. d7 Bxd7 26. Rxa7 Rxd3 27. Re1 Rd8 28. Ra8 Rxa8 29. Bxa8 Bd4 30. Ng4 f6 31. Ng2 Rd1 32. Rxd1 Nxd1 33. Bf3 Nf2+ 34. Nxf2 Bxf2 35. Be4 Kf7 36. Nh4 Ba4 37. Kg2 Be3 38. Kf3 Bd4 39. Ke2 Bb3 40. Bd3 Ke7 41. Nf3 Kd6 42. h4 Kc6 43. Nd2 Ba4 44. h5 f5 45. hxg6 hxg6 46. Nf3 Kd6 47. Nh4 Be8 48. Nf3 e5 49. fxe5+ Bxe5 50. Kf2 Bd4+ 51. Ke2 Bc6 52. Nh4 Be8 53. Nf3 Ke6 54. Ng5+ Kf6 55. Nh7+ Kg7 56. Ng5 Bd7 57. Bc2 Kh6 58. Nf3 Bf6 59. Ke3 Be6 60. Bd3 g5 61. Ne1 Be5 62. Kf2 g4 63. Ng2 Kg5 64. Ne3 Bd4 65. Ke2 f4 66. gxf4+ Kxf4 67. Nd5+ Kg3 68. Be4 Kh4 69. Kd3 g3 0-1

[Event "Belgrade-chT"]
[Site "Belgrade"]
[Date "2017.10.15"]
[Round "5.8"]
[White "Milin, Dragan"]
[Black "Kovacevic, Marko D"]
[Result "0-1"]
[WhiteElo "2032"]
[BlackElo "1933"]
[PlyCount "92"]
[EventDate "2017.10.01"]
[EventType "team-tourn"]
[EventRounds "11"]
[EventCountry "SRB"]
[SourceTitle "CBM 181 Extra"]
[Source "ChessBase"]
[SourceDate "2017.12.12"]
[SourceVersion "1"]
[SourceVersionDate "2017.12.12"]
[SourceQuality "1"]
[WhiteTeam "Bogoslov"]
[BlackTeam "Belgrade CC"]
[WhiteTeamCountry "SRB"]
[BlackTeamCountry "SRB"]

1. d4 Nf6 2. Nf3 e6 3. e3 b6 4. Bd3 Bb7 5. Nbd2 d6 6. 0-0 Nbd7 7. c3 Be7 8. b4 0-0 9. Qb3 Re8 10. a4 Bf8 11. e4 e5 12. Bc4 Re7 13. Ng5 Qe8 14. f3 h6 15. Nh3 c6 16. Bd3 d5 17. Nf2 Qb8 18. Rb1 Re8 19. Re1 Bd6 20. Nf1 Nf8 21. g3 N6d7 22. Bd2 Ne6 23. exd5 cxd5 24. Bb5 Rd8 25. Bxd7 Rxd7 26. dxe5 Bxe5 27. Ng4 Bd6 28. Bxh6 gxh6 29. Qc2 Qd8 30. Nxh6+ Kg7 31. Nf5+ Kh8 32. Nxd6 Rxd6 33. Qf5 Kg8 34. Re5 Ng7 35. Qg4 Bc8 36. Qd4 Qf6 37. Ne3 Be6 38. Re1 Kf8 39. c4 Bh3 40. f4 dxc4 41. Qxc4 Rc8 42. Qe4 Qh6 43. Qb7 Rd2 44. Qe7+ Kg8 45. b5 Be6 46. f5 Qxh2+ 0-1

[Event "Belgrade Trophy 30th"]
[Site "Belgrade"]
[Date "2016.11.24"]
[Round "1"]
[White "Cabrilo, Goran"]
[Black "Kovacevic, Marko D"]
[Result "1-0"]
[WhiteElo "2395"]
[BlackElo "1951"]
[PlyCount "27"]
[EventDate "2016.11.24"]
[EventType "swiss"]
[EventRounds "9"]
[EventCountry "SRB"]
[SourceTitle "CBM 175 Extra"]
[Source "ChessBase"]
[SourceDate "2016.12.12"]
[SourceVersion "1"]
[SourceVersionDate "2016.12.12"]
[SourceQuality "1"]

1. e4 c5 2. Nf3 Nc6 3. Bb5 d6 4. 0-0 Bg4 5. c3 Qb6 6. Ba4 Nf6 7. Re1 e5 8. d3 Be7 9. Nbd2 0-0 10. Nf1 Ne8 11. Ne3 Be6 12. Nd5 Qd8 13. d4 Bf6 14. Nxf6+ 1-0

[Event "Belgrade-chT Quality"]
[Site "Belgrade"]
[Date "2016.10.02"]
[Round "2.6"]
[White "Radovic, Goran"]
[Black "Kovacevic, Marko D"]
[Result "0-1"]
[WhiteElo "1937"]
[BlackElo "1903"]
[PlyCount "62"]
[EventDate "2016.10.01"]
[EventType "team-tourn"]
[EventRounds "11"]
[EventCountry "SRB"]
[SourceTitle "EXT 2018"]
[Source "ChessBase"]
[SourceDate "2017.10.13"]
[SourceVersion "1"]
[SourceVersionDate "2017.10.13"]
[SourceQuality "1"]

1. e4 c5 2. Nf3 Nc6 3. d4 cxd4 4. Nxd4 e5 5. Nb5 d6 6. c4 Be7 7. N1c3 a6 8. Na3 f5 9. exf5 Bxf5 10. Bd3 Be6 11. 0-0 Nf6 12. Nc2 d5 13. cxd5 Nxd5 14. Nxd5 Qxd5 15. Qe2 0-0-0 16. Be4 Qc4 17. Qe1 Nb4 18. Na3 Qd4 19. Nc2 Nxc2 20. Bxc2 Bc4 21. Be3 Qxb2 22. Bf5+ Kb8 23. Rb1 Qa3 24. Bb6 Bxf1 25. Kxf1 Qd6 26. Qe4 Qd5 27. Qa4 Rc8 28. Be4 Qc4+ 29. Kg1 Qxa4 30. Ba7+ Kc7 31. Rxb7+ Kd8 0-1

[Event "Belgrade Cup 16th"]
[Site "Belgrade"]
[Date "2016.05.09"]
[Round "1.4"]
[White "Bjelanovic, Mile"]
[Black "Kovacevic, Marko D"]
[Result "1-0"]
[WhiteElo "1915"]
[BlackElo "1925"]
[PlyCount "99"]
[EventDate "2016.05.09"]
[EventType "team-swiss"]
[EventRounds "5"]
[EventCountry "SRB"]
[SourceTitle "CBM 172 Extra"]
[Source "ChessBase"]
[SourceDate "2016.06.21"]
[SourceVersion "1"]
[SourceVersionDate "2016.06.21"]
[SourceQuality "1"]
[WhiteTeam "Napredak"]
[BlackTeam "Tadic"]
[WhiteTeamCountry "SRB"]
[BlackTeamCountry "SRB"]

1. e4 c5 2. c3 d5 3. exd5 Qxd5 4. d4 Nc6 5. Nf3 Bg4 6. Be2 Nf6 7. 0-0 e6 8. Qa4 cxd4 9. cxd4 a6 10. Nc3 Qa5 11. Qxa5 Nxa5 12. h3 Bh5 13. Bg5 Be7 14. Ne5 Bxe2 15. Nxe2 Rc8 16. Rac1 0-0 17. Bxf6 gxf6 18. Nf3 Rfd8 19. Rxc8 Rxc8 20. Rc1 Rxc1+ 21. Nxc1 Nc6 22. Nd3 b6 23. Kf1 Bf8 24. Ke2 Bh6 25. Kd1 Kf8 26. Kc2 Ke7 27. Kc3 Kd6 28. b3 Kd5 29. Nb4+ Nxb4 30. Kxb4 e5 31. Kc3 Bg7 32. dxe5 fxe5 33. Ng5 e4+ 34. Kc2 f6 35. Nxh7 Ke5 36. g4 Kf4 37. Kd2 Kf3 38. Ke1 b5 39. Kf1 a5 40. g5 f5 41. Nf6 f4 42. Ng4 e3 43. Nh2+ Ke4 44. fxe3 fxe3 45. Ke2 a4 46. Nf3 Kf4 47. g6 Bh6 48. Nd4 axb3 49. axb3 b4 50. g7 1-0

[Event "Belgrade-chT Quality"]
[Site "Belgrade"]
[Date "2015.10.25"]
[Round "7"]
[White "Milicevic, Aleksa"]
[Black "Kovacevic, Marko D"]
[Result "1-0"]
[WhiteElo "2166"]
[BlackElo "1942"]
[PlyCount "81"]
[EventDate "2015.10.03"]
[EventType "team-tourn"]
[EventRounds "11"]
[EventCountry "SRB"]
[SourceTitle "EXT 2018"]
[Source "ChessBase"]
[SourceDate "2017.10.13"]
[SourceVersion "1"]
[SourceVersionDate "2017.10.13"]
[SourceQuality "1"]

1. d4 Nf6 2. c4 e6 3. Nf3 b6 4. a3 Bb7 5. Nc3 Be7 6. d5 d6 7. e4 e5 8. Be2 0-0 9. 0-0 Ne8 10. Ne1 f5 11. f4 exf4 12. exf5 Bc8 13. Nd3 Bg5 14. Ne4 Bh6 15. Bxf4 Bxf5 16. Bxh6 gxh6 17. Ng3 Ng7 18. Bg4 Bg6 19. Nf4 Nd7 20. Be6+ Kh8 21. Qd2 Ne5 22. Nxg6+ Nxg6 23. Qxh6 Nxe6 24. dxe6 Qh4 25. Nh5 Qe7 26. h3 Rxf1+ 27. Rxf1 Rf8 28. Rxf8+ Nxf8 29. Nf4 Kg8 30. b4 a6 31. b5 axb5 32. cxb5 Qe8 33. a4 Ng6 34. Nh5 Qf8 35. Qg5 Qe7 36. Qf5 Qf8 37. Qf6 Qxf6 38. Nxf6+ Kf8 39. Nd5 Ne5 40. Nxc7 Nc4 41. Nd5 1-0

[Event "Belgrade tt Cup"]
[Site "Belgrade"]
[Date "2015.04.24"]
[Round "4.4"]
[White "Stosic, Slobodan"]
[Black "Kovacevic, Marko D"]
[Result "1-0"]
[WhiteElo "2132"]
[BlackElo "1975"]
[PlyCount "37"]
[EventDate "2015.04.20"]
[EventType "team-swiss"]
[EventRounds "5"]
[EventCountry "SRB"]
[SourceTitle "CBM 166 Extra"]
[Source "ChessBase"]
[SourceDate "2015.06.18"]
[SourceVersion "1"]
[SourceVersionDate "2015.06.18"]
[SourceQuality "1"]
[WhiteTeam "Post Stedionica"]
[BlackTeam "Tadic"]
[WhiteTeamCountry "SRB"]
[BlackTeamCountry "SRB"]

1. d4 d5 2. Nf3 Nf6 3. c4 dxc4 4. Nc3 a6 5. a4 Bg4 6. e3 e6 7. Bxc4 Nbd7 8. Qb3 Rb8 9. 0-0 Bh5 10. e4 c5 11. e5 cxd4 12. exf6 dxc3 13. Bf4 Rc8 14. Bxe6 Nc5 15. Bxf7+ Bxf7 16. Rfe1+ Be6 17. Rxe6+ Nxe6 18. Qxe6+ Be7 19. fxg7 1-0

[Event "Belgrade tt Cup"]
[Site "Belgrade"]
[Date "2015.04.22"]
[Round "3.4"]
[White "Kovacevic, Marko D"]
[Black "Stojanovic, Sasa M"]
[Result "1-0"]
[WhiteElo "1975"]
[BlackElo "2073"]
[PlyCount "81"]
[EventDate "2015.04.20"]
[EventType "team-swiss"]
[EventRounds "5"]
[EventCountry "SRB"]
[SourceTitle "CBM 166 Extra"]
[Source "ChessBase"]
[SourceDate "2015.06.18"]
[SourceVersion "1"]
[SourceVersionDate "2015.06.18"]
[SourceQuality "1"]
[WhiteTeam "Tadic"]
[BlackTeam "Politika"]
[WhiteTeamCountry "SRB"]
[BlackTeamCountry "SRB"]

1. d4 d6 2. Nf3 Nf6 3. Bg5 Nbd7 4. Nbd2 c6 5. c3 Qc7 6. e4 h6 7. Bxf6 exf6 8. Be2 Be7 9. a4 0-0 10. 0-0 Re8 11. Nc4 Bf8 12. Nfd2 a5 13. Re1 g6 14. Qc2 b6 15. Ne3 Bg7 16. h4 h5 17. g4 hxg4 18. Bxg4 Nf8 19. Qd1 Be6 20. d5 cxd5 21. exd5 Bxg4 22. Qxg4 f5 23. Qg3 Be5 24. f4 Bg7 25. Kh1 Re7 26. Nec4 Rae8 27. Rxe7 Qxe7 28. Nxb6 Bf6 29. h5 Qe2 30. Nbc4 Qxh5+ 31. Qh2 Bh4 32. Qh3 Re2 33. Qf3 Qxf3+ 34. Nxf3 Bg3 35. b4 axb4 36. cxb4 Bxf4 37. a5 g5 38. a6 g4 39. a7 gxf3 40. a8Q Rh2+ 41. Kg1 1-0

[Event "Belgrade Trophy 28th"]
[Site "Belgrade"]
[Date "2014.11.24"]
[Round "1"]
[White "Andrijevic, Milan"]
[Black "Kovacevic, Marko D"]
[Result "1-0"]
[WhiteElo "2301"]
[BlackElo "1919"]
[PlyCount "111"]
[EventDate "2014.11.24"]
[EventType "swiss"]
[EventRounds "9"]
[EventCountry "SRB"]
[SourceTitle "CBM 163 Extra"]
[Source "ChessBase"]
[SourceDate "2014.12.23"]
[SourceVersion "1"]
[SourceVersionDate "2014.12.23"]
[SourceQuality "1"]

1. e4 c5 2. Nf3 Nc6 3. d4 cxd4 4. Nxd4 e5 5. Nb5 d6 6. c4 Be7 7. N1c3 a6 8. Na3 f5 9. exf5 Bxf5 10. Be3 Nf6 11. Be2 0-0 12. 0-0 Qe8 13. Nd5 Rd8 14. Bb6 Rd7 15. Nc2 Bd8 16. Nce3 Be6 17. Nxf6+ Rxf6 18. Nd5 Bxb6 19. Nxb6 Rd8 20. Nd5 Rh6 21. Nc7 Qf7 22. Nxe6 Qxe6 23. Bf3 Kh8 24. Qd5 Nd4 25. Qxe6 Nxf3+ 26. gxf3 Rxe6 27. Rfd1 Kg8 28. Rd5 Rf8 29. Rad1 Rxf3 30. Rxd6 Kf7 31. Rd7+ Re7 32. R1d5 Rf5 33. R5d6 Rf6 34. Kg2 b6 35. b4 Rxd6 36. Rxd6 Rc7 37. Rxb6 Rxc4 38. Kf3 Rf4+ 39. Ke3 Rf6 40. Rb7+ Kg6 41. a4 Kf5 42. a5 Rd6 43. Rxg7 Rd4 44. Rxh7 Rxb4 45. Rh5+ Ke6 46. Rh6+ Kf5 47. Rxa6 Rb3+ 48. Ke2 Rh3 49. Ra8 Rxh2 50. a6 Rh7 51. Ke3 e4 52. Rf8+ Kg6 53. Rb8 Ra7 54. Rb6+ Kf5 55. Rb5+ Kg4 56. Ra5 1-0

[Event "Belgrade-chT"]
[Site "Belgrade"]
[Date "2014.11.02"]
[Round "10"]
[White "Simic, Milan M"]
[Black "Kovacevic, Marko D"]
[Result "1-0"]
[WhiteElo "2112"]
[BlackElo "1925"]
[PlyCount "57"]
[EventDate "2014.10.04"]
[EventType "team-tourn"]
[EventRounds "13"]
[EventCountry "SRB"]
[SourceTitle "EXT 2015"]
[Source "ChessBase"]
[SourceDate "2014.11.20"]
[SourceVersion "1"]
[SourceVersionDate "2014.11.20"]
[SourceQuality "1"]

1. d4 d5 2. Nf3 Bf5 3. c4 e6 4. Qb3 b6 5. cxd5 exd5 6. Nc3 Nf6 7. Bg5 c6 8. e3 Be7 9. Be2 Ne4 10. Bxe7 Qxe7 11. Nxd5 Qd6 12. Nc3 Nf6 13. 0-0 0-0 14. Ne5 Nbd7 15. Nxd7 Qxd7 16. Bf3 Be6 17. Qa4 Rac8 18. Rfd1 Rfd8 19. Rac1 Ne8 20. Ne2 b5 21. Qc2 Bg4 22. Bxg4 Qxg4 23. Ng3 Nd6 24. Qc5 a5 25. b3 f5 26. Qe5 Qg6 27. Rc5 Nb7 28. Rc3 Rd5 29. Qxd5+ 1-0

[Event "SRB-ch U18"]
[Site "Subotica"]
[Date "2014.04.17"]
[Round "1"]
[White "Kovacevic, Marko D"]
[Black "Kumic, Filip"]
[Result "0-1"]
[WhiteElo "1823"]
[BlackElo "2260"]
[PlyCount "74"]
[EventDate "2014.04.17"]
[EventType "swiss"]
[EventRounds "9"]
[EventCountry "SRB"]
[SourceTitle "CBM 160 Extra"]
[Source "ChessBase"]
[SourceDate "2014.07.01"]
[SourceVersion "1"]
[SourceVersionDate "2014.07.01"]
[SourceQuality "1"]

1. d4 Nf6 2. Nf3 d5 3. Bf4 c5 4. e3 Qb6 5. Nc3 a6 6. Rb1 Bg4 7. Be2 e6 8. h3 Bxf3 9. Bxf3 Nc6 10. dxc5 Qxc5 11. 0-0 Rd8 12. Na4 Qa5 13. c3 b5 14. Nc5 Bxc5 15. b4 Qb6 16. bxc5 Qxc5 17. Qb3 Rc8 18. a4 Na5 19. Qb4 Qxb4 20. cxb4 Nc4 21. axb5 axb5 22. Rfe1 Ra8 23. e4 dxe4 24. Bxe4 Nxe4 25. Rxe4 Ke7 26. Bg5+ f6 27. Be3 e5 28. Bc5+ Ke6 29. Rbe1 Rhd8 30. f4 Rd2 31. fxe5 fxe5 32. Rg4 g6 33. h4 Raa2 34. Rg5 Re2 35. Rd1 Nd2 36. Rg3 Ne4 37. Rg4 Kf5 0-1

[Event "SRB-ch U16"]
[Site "Vrnjacka Banja"]
[Date "2013.04.30"]
[Round "1"]
[White "Dimic, Pavle"]
[Black "Kovacevic, Marko D"]
[Result "1-0"]
[WhiteElo "2201"]
[BlackElo "1801"]
[PlyCount "91"]
[EventDate "2013.04.30"]
[EventType "swiss"]
[EventRounds "9"]
[EventCountry "SRB"]
[SourceTitle "CBM 154 Extra"]
[Source "ChessBase"]
[SourceDate "2013.06.25"]
[SourceVersion "2"]
[SourceVersionDate "2013.06.25"]
[SourceQuality "1"]

1. d4 Nf6 2. Nf3 e6 3. c4 b6 4. a3 Ba6 5. e3 d5 6. Nbd2 Bd6 7. b4 c5 8. dxc5 bxc5 9. b5 Bb7 10. Bb2 Nbd7 11. Be2 0-0 12. 0-0 Qe7 13. Qc2 Rfd8 14. Rfd1 Rac8 15. a4 Ne4 16. Bf1 f6 17. g3 Nf8 18. Bg2 Rd7 19. Ne1 f5 20. Ndf3 Ng6 21. Nd3 dxc4 22. Qxc4 Bd5 23. Qc2 Rdc7 24. Nde5 c4 25. Bd4 Bc5 26. Nxg6 hxg6 27. Be5 Bd6 28. Bxd6 Qxd6 29. Nd2 Nf6 30. e4 Ba8 31. Qc3 Qc5 32. Re1 Rd7 33. Rac1 Qd4 34. Qxd4 Rxd4 35. Nb3 Rdd8 36. Na5 c3 37. exf5 Bxg2 38. Kxg2 exf5 39. Nc6 Rd7 40. Ne7+ Rxe7 41. Rxe7 Nd5 42. Rd7 Nb4 43. Rd4 Na2 44. Rc2 Kf7 45. Rxa2 c2 46. Rxc2 1-0

[Event "SRB Kadetski festival U16 6th"]
[Site "Vrnjacka Banja"]
[Date "2012.04.13"]
[Round "5"]
[White "Vucinic, Gojko"]
[Black "Kovacevic, Marko D"]
[Result "1-0"]
[WhiteElo "2190"]
[BlackElo "1802"]
[PlyCount "27"]
[EventDate "2012.04.10"]
[EventType "swiss"]
[EventRounds "9"]
[EventCountry "SRB"]
[SourceTitle "CBM 148 Extra"]
[Source "ChessBase"]
[SourceDate "2012.06.22"]
[SourceVersion "1"]
[SourceVersionDate "2012.06.22"]
[SourceQuality "1"]

1. e4 c5 2. Nc3 Nc6 3. Nge2 g6 4. d4 cxd4 5. Nxd4 Bg7 6. Be3 Nf6 7. Bc4 0-0 8. f3 a6 9. Bb3 Qc7 10. Qd2 Rd8 11. 0-0-0 b5 12. Nxc6 Qxc6 13. Nd5 Re8 14. e5 1-0

[Event "SRB-ch U14"]
[Site "Kragujevac"]
[Date "2011.04.28"]
[Round "7"]
[White "Kovacevic, Marko D"]
[Black "Ratkovic, Petar"]
[Result "0-1"]
[WhiteElo "1830"]
[BlackElo "1497"]
[PlyCount "38"]
[EventDate "2011.04.24"]
[EventType "swiss"]
[EventRounds "9"]
[EventCountry "SRB"]
[SourceTitle "EXT 2019"]
[Source "ChessBase"]
[SourceDate "2018.10.10"]
[SourceVersion "1"]
[SourceVersionDate "2018.10.10"]
[SourceQuality "1"]

1. d4 d5 2. Nf3 e6 3. Bf4 Nf6 4. e3 c6 5. c4 Nbd7 6. Nbd2 Be7 7. Bd3 0-0 8. h3 c5 9. Qc2 h6 10. 0-0 b6 11. e4 dxc4 12. Nxc4 cxd4 13. e5 Nd5 14. Be4 Ba6 15. Bxd5 exd5 16. Nd6 Bxf1 17. Rxf1 Nxe5 18. Nxe5 Bxd6 19. Nc6 Rc8 0-1

[Event "SRB-ch U14"]
[Site "Kragujevac"]
[Date "2011.04.27"]
[Round "6"]
[White "Vucinic, Gojko"]
[Black "Kovacevic, Marko D"]
[Result "1-0"]
[WhiteElo "2043"]
[BlackElo "1830"]
[PlyCount "77"]
[EventDate "2011.04.24"]
[EventType "swiss"]
[EventRounds "9"]
[EventCountry "SRB"]
[SourceTitle "EXT 2019"]
[Source "ChessBase"]
[SourceDate "2018.10.10"]
[SourceVersion "1"]
[SourceVersionDate "2018.10.10"]
[SourceQuality "1"]

1. e4 d5 2. exd5 Nf6 3. Nc3 Nxd5 4. Bc4 Nb6 5. Bb3 g6 6. Qf3 e6 7. Nge2 Bg7 8. d4 0-0 9. Be3 Nc6 10. 0-0-0 Ne7 11. h4 Nf5 12. Bg5 Qe8 13. g4 Nd6 14. h5 h6 15. Bf6 Bxf6 16. Qxf6 Nd7 17. Qf4 g5 18. Qd2 e5 19. Rhe1 e4 20. Ng3 Nf6 21. f3 Nxg4 22. fxg4 Bxg4 23. Ncxe4 Qd8 24. Nxd6 Qxd6 25. Ne2 Rae8 26. Bc4 Bxh5 27. Rh1 Bf3 28. Rhg1 Re4 29. Nc3 Rh4 30. Be2 Rh2 31. Qe3 Bc6 32. d5 Bd7 33. Qd4 a6 34. Ne4 Qf4+ 35. Kb1 Rd8 36. Rdf1 Qh4 37. Qf6 g4 38. Qxf7+ Kh8 39. Nf6 1-0

[Event "Belgrade Spring op"]
[Site "Belgrade"]
[Date "2011.03.23"]
[Round "1"]
[White "Kovacevic, Marko D"]
[Black "Jovicic, Radosav"]
[Result "0-1"]
[WhiteElo "1830"]
[BlackElo "2183"]
[PlyCount "48"]
[EventDate "2011.03.23"]
[EventType "swiss"]
[EventRounds "9"]
[EventCountry "SRB"]
[SourceTitle "CBM 141 Extra"]
[Source "ChessBase"]
[SourceDate "2011.05.03"]
[SourceVersion "1"]
[SourceVersionDate "2011.05.03"]
[SourceQuality "1"]

1. d4 Nf6 2. Nf3 g6 3. Bg5 Bg7 4. Nbd2 0-0 5. e4 d6 6. Bd3 c5 7. c3 cxd4 8. cxd4 Nc6 9. 0-0 Bg4 10. h3 Bxf3 11. Nxf3 Nd7 12. Be3 e5 13. dxe5 dxe5 14. Qb3 Nd4 15. Bxd4 exd4 16. Rfd1 Nc5 17. Qb4 b6 18. e5 a5 19. Qd2 Qd5 20. Rac1 Rad8 21. Bc4 Qe4 22. Re1 Qb7 23. Nxd4 b5 24. Bf1 Ne6 0-1

[Event "Belgrade Trophy 23rd"]
[Site "Obrenovac"]
[Date "2010.12.01"]
[Round "8"]
[White "Kovacevic, Marko D"]
[Black "Dimic, Pavle"]
[Result "1/2-1/2"]
[WhiteElo "1779"]
[BlackElo "1996"]
[PlyCount "57"]
[EventDate "2010.11.24"]
[EventType "swiss"]
[EventRounds "9"]
[EventCountry "YUG"]
[SourceTitle "CBM 139 Extra"]
[Source "ChessBase"]
[SourceDate "2011.01.05"]
[SourceVersion "1"]
[SourceVersionDate "2011.01.05"]
[SourceQuality "1"]

1. d4 Nf6 2. Nf3 g6 3. Bg5 Bg7 4. Nbd2 0-0 5. e4 d6 6. c3 Nbd7 7. Bd3 e5 8. 0-0 c6 9. a4 Qc7 10. Re1 Re8 11. Qc2 h6 12. Bh4 Nh5 13. Nc4 Nf8 14. dxe5 dxe5 15. Bg3 Nf4 16. Rad1 Bg4 17. Be2 N8e6 18. h3 Bxf3 19. Bxf3 h5 20. Rd2 Rad8 21. Red1 Rxd2 22. Rxd2 Rd8 23. Qd1 Rxd2 24. Qxd2 Bf8 25. b4 f6 26. Bd1 Kf7 27. Bb3 Ke7 28. f3 Bh6 29. Qd1 1/2-1/2

[Event "Belgrade Trophy 23rd"]
[Site "Obrenovac"]
[Date "2010.11.26"]
[Round "3"]
[White "Rodic, Dragan"]
[Black "Kovacevic, Marko D"]
[Result "1-0"]
[WhiteElo "2113"]
[BlackElo "1779"]
[PlyCount "74"]
[EventDate "2010.11.24"]
[EventType "swiss"]
[EventRounds "9"]
[EventCountry "YUG"]
[SourceTitle "CBM 139 Extra"]
[Source "ChessBase"]
[SourceDate "2011.01.05"]
[SourceVersion "1"]
[SourceVersionDate "2011.01.05"]
[SourceQuality "1"]

1. d4 Nf6 2. c4 e6 3. Nf3 b6 4. Bg5 Bb7 5. Nc3 Bb4 6. Qb3 Bxc3+ 7. bxc3 d6 8. Nd2 Nbd7 9. f3 0-0 10. e4 e5 11. Be2 Re8 12. Qc2 Nf8 13. d5 Ng6 14. g3 h6 15. Be3 Qd7 16. h4 Rf8 17. h5 Ne7 18. g4 Nh7 19. Nf1 Rac8 20. Ng3 c6 21. Qa4 Ba8 22. Rc1 Rc7 23. Rc2 cxd5 24. Qxd7 Rxd7 25. cxd5 Rc7 26. Kd2 Rfc8 27. a4 Nf6 28. g5 hxg5 29. Bxg5 Kh7 30. h6 Nfg8 31. hxg7+ Kxg7 32. Nh5+ Kg6 33. Bxe7 Nxe7 34. Rf1 f5 35. exf5+ Kxf5 36. Bd3+ e4 37. fxe4+ Ke5 1-0